| 000 | 00386 a2200157 4500 | ||
|---|---|---|---|
| 001 | 67280 | ||
| 020 | _a8536307307 (broch.) | ||
| 040 | _cAnchieta - Pituba | ||
| 100 | _aMeirieu, Philippe | ||
| 240 | 1 | 0 |
_aCarta a um jovem professor _lpor |
| 245 | 1 | 0 | _aCarta a um jovem professor |
| 300 | _a93p. | ||
| 362 | 0 | _a2006 | |
| 650 | 4 | _aProfessores e atividades relacionadas | |
| 942 | _cBK | ||
| 999 |
_c67280 _d67280 |
||